Marque de chocolats đŸ« - Statistiques

Statistiques générales
  • Ce quiz a Ă©tĂ© pris 1 121 fois
  • Le rĂ©sultat moyen est 11 sur 16
Statistiques - réponses
Par images Réponse % Correct
Kitkat
95%
Kinder Bueno
93%
Ferrero rocher
92%
Twix
90%
M&m’s
88%
Toblerone
86%
Bounty
84%
Kinder country
78%
Snickers
69%
Lindt
68%
Maltesers
66%
Raffaello
66%
Mon Chéri
45%
Lion
34%
Duplo
29%
Milky Way
27%
Aucun quiz correspondant
Distribution des résultats
% des personnes avec chaque résultat
Percentile par nombre de réponses
Votre historique - résultats
Vous n’avez pas pris ce quiz